00459nam a22001457a 4500020001800000082001600018100001600034245004800050260003700098300001100135563000800146942001200154999001900166952012800185 a9781352012965 a348.02bDRU aDrury, Paul aCore EU Legislation 2021-2022 /cPaul Drury aLondon:bRed Globe Press,c2021. a681 p. aPB. 2ddccBK c613787d613787 00102ddc406348_020000000000000_DRU709639728aNLSbNLSd2025-05-20l0o348.02 DRUpNLSD-110r2025-05-20w2025-05-20yBK